Kúpeľná starostlivosť zo Sociálnej poisťovne

Poskytovanie kúpeľnej starostlivosti ako súčasti zdravotnej starostlivosti na Slovensku. Podmienky a spôsob poskytovania kúpeľnej starostlivosti podľa Smerníc Ministerstva zdravotníctva SR. Pôsobnosť Sociálnej poisťovne v priznaní kúpeľnej starostlivosti ako fakultatívnej dávky nemocenského poisteni...

Descripción completa

Guardado en:
Detalles Bibliográficos
Autor principal: Majtanová, Viera
Formato: Capítulo de libro
Lenguaje:eslovaco
Materias:
Etiquetas: Agregar Etiqueta
Sin Etiquetas, Sea el primero en etiquetar este registro!

MARC

LEADER 00000naa a2200000 4500
001 r017452
005 20221205102335.1
041 0 |a slo 
044 |a SK 
245 1 0 |a Kúpeľná starostlivosť zo Sociálnej poisťovne  |c V. Majtánová 
520 |a Poskytovanie kúpeľnej starostlivosti ako súčasti zdravotnej starostlivosti na Slovensku. Podmienky a spôsob poskytovania kúpeľnej starostlivosti podľa Smerníc Ministerstva zdravotníctva SR. Pôsobnosť Sociálnej poisťovne v priznaní kúpeľnej starostlivosti ako fakultatívnej dávky nemocenského poistenia a dôchodkového zabezpečenia. 
610 2 0 |a starostlivosť zdravotná 
610 2 0 |a kúpele 
610 2 0 |a Slovensko 
610 2 0 |a Sociálna poisťovňa, a.s. Bratislava 
610 2 0 |a smernice 
610 2 0 |a MZ SR Bratislava 
610 2 0 |a poistenie nemocenské 
100 1 |a Majtanová, Viera